Provinces du Canada sans voyelle - Statistiques

Statistiques générales
  • Ce quiz a été pris 17 fois
  • Le résultat moyen est 12 sur 13
Statistiques - réponses
HINT ANSWER % Correct
Q__b_c Québec
100%
S_sk_tch_w_n Saskatchewan
100%
T_rr_-N__v_-_t-L_br_d_r Terre-Neuve-et-Labrador
100%
_lb_rt_ Alberta
94%
C_l_mb__-Br_t_nn_q__ Colombie-Britannique
94%
N__v___-Br_nsw_ck Nouveau-Brunswick
94%
N__v_ll_-_c_ss_ Nouvelle-Écosse
94%
N_n_v_t Nunavut
94%
_l_-d_-Pr_nc_-_d___rd Île-du-Prince-Édouard
88%
_nt_r__ Ontario
88%
T_rr_t__r_s d_ N_rd-___st Territoires du Nord-Ouest
88%
Y_k_n Yukon
88%
M_n_t_b_ Manitoba
75%
Aucun quiz correspondant
Distribution des résultats
% des personnes avec chaque résultat
Percentile par nombre de réponses
Votre historique - résultats
Vous n’avez pas pris ce quiz